Průběh hojení ran a vředů

Bibliographic Details
Main Author: Resl, Vladimír (Author)
Format: Article
Language:Slovak
Czech
PhysicalDescription:Obr. 9, tab. 1, lit. 43 zázn. v angl., češ., nem., ruš.
ISSN:0009-0514
Subjects:

MARC

LEADER 00000nab a2200000 a 4500
001 vtls000553873
003 SK-MaSNL
005 20260304085708.0
008 250425c1995 xo 0 slo
015 |a SNBRB19rr/mm-uuuuu 
035 |a CL0554011 
035 |a urn:nbn:sk:snk-abal0p 
035 |a (urnnbn)urn:nbn:sk:snk:ar-007qbc 
035 |a (uuid)e4b53f07-a56f-41e9-988e-8addd770e8e5 
040 |a SNKBUCL  |b slo  |c SNKBUCL  |e AACR2 
041 0 |a cze 
044 |a xo  |c SK 
080 |a 616.5-001.4  |2 1981 
080 |a 616.5-002.3  |2 1981 
100 1 |a Resl, Vladimír  |4 aut  |9 853346 
245 1 0 |a Průběh hojení ran a vředů  |c Vladimír Resl 
300 |b Obr. 9, tab. 1, lit. 43 zázn. v angl., češ., nem., ruš. 
650 0 7 |a rany  |2 snkbucl  |9 1161 
650 0 7 |a vredy  |2 snkbucl  |9 598937 
655 7 |a články z novín a časopisov  |2 snkbucl  |9 267496 
773 0 |t Česko-slovenská dermatologie  |g Roč. 70, č. 1 (1995), s. 38-44  |x 0009-0514 
850 |a Slovenská národná knižnica 
852 |a Slovenská národná knižnica 
954 |a odborná, vedecká literatúra cudzojazyčná (svetová)  |2 lita 
958 |a article14 
958 |a OND 
958 |a NB 
958 |a RK 
958 |a MI 
958 |a EUIPO 
992 |a RBX 
999 |c 2809012  |d 2810942